| 000 | 00953nam a2200229 a 4500 | ||
|---|---|---|---|
| 001 | 19545 | ||
| 003 | CO-ViMGA | ||
| 008 | 141112s2004 ck r 000 u spa d | ||
| 020 | _a8440690541 | ||
| 040 |
_aCO-ViMGA _bspa _cCO-ViMGA |
||
| 082 | 0 | 4 | _a616.3 H317t |
| 100 | 1 |
_aHeaton, Kenneth _928221 |
|
| 245 | 1 | 0 | _aLos trastornos gastrointestinales |
| 260 |
_aBarcelona : _bEdiciones B, _cGrupo Z, _c1999 |
||
| 300 | _a96 p. | ||
| 490 | _aGuías medicas Salud y bienestar | ||
| 505 | _aBreve guía de los intestinos 12 - - Que afecta los intestinos? 23 - - Que puede ir mal? 34 - - Estreñimiento 40 - - Diarrea 50 - - Síndrome del colon irritable (SCI)56 - - Factores psicológicos 63 - - rECTORRAGIA 74 - - Los problemas del viajero 82 - - Lombrices 84 - - Glosario 85 | ||
| 590 | _aForma de adquisición : Premio Mincultura | ||
| 650 | 1 | 4 |
_aAPARATO DIGESTIVO - ENFERMEDADES _95205 |
| 650 | 1 | 4 |
_aENFERMEDADES INTESTINALES _928222 |
| 942 |
_2ddc _cBK |
||
| 999 |
_c28685 _d28685 |
||